Car Brands - Automarken (international) - Statistics

General Stats
  • This quiz has been taken 562 times
  • The average score is 34 of 118
Answer Stats
Car Brand % Correct
Audi
92%
BMW
92%
Volkswagen (VW)
88%
Ferrari
84%
Lamborghini
81%
Porsche
79%
Ford
76%
Mercedes-Benz
76%
Opel / Vauxhall
76%
Toyota
74%
Fiat
69%
Bugatti
67%
Honda
67%
Skoda
66%
Nissan
64%
Hyundai
63%
Tesla
59%
Chevrolet
58%
Renault
58%
Volvo
57%
Bentley
56%
Citroen
56%
Kia
55%
Land Rover
55%
Seat
55%
MINI
53%
Peugeot
53%
Dodge
51%
Mazda
51%
McLaren
51%
Rolls-Royce
51%
Alfa Romeo
50%
Jaguar
49%
Jeep
49%
Mitsubishi
49%
Lexus
48%
Aston Martin
47%
Suzuki
47%
Dacia
45%
Maserati
45%
Smart
44%
Subaru
44%
Koenigsegg
41%
Lada
40%
Chrysler
37%
Lotus
36%
Cadillac
33%
Pagani
33%
Saab
31%
Lancia
29%
Maybach
28%
Abarth
26%
AC
26%
GMC
25%
Infiniti
25%
Acura
23%
Buick
23%
Hummer
23%
MG
23%
Lincoln
22%
Daihatsu
21%
KTM
21%
Pontiac
21%
Tata
21%
BYD
16%
Holden
14%
Morgan
12%
Ssangyong
12%
Ariel
11%
Caterham
10%
Fisker
10%
Mercury
10%
Wiesmann
9%
Geely
8%
Proton
8%
Spyker
8%
Ascari
7%
RUF
7%
Scion
7%
BAC
6%
Aixam-Mega
5%
Chery
5%
Gumpert
5%
Noble
4%
Samsung
4%
Bristol
3%
Great Wall
3%
Mahindra
3%
Wuling
3%
Arash
2%
Artega
2%
Donkervoort
2%
Marussia
2%
Mitsuoka
2%
Radical
2%
Venturi
2%
Westfield
2%
Aptera
1%
Baojun
1%
Bowler
1%
Bufori
1%
Chana
1%
Devon
1%
Ginetta
1%
Hindustan Motors
1%
Local Motors
1%
London Taxi
1%
Mastretta
1%
Mia Electric
1%
Mosler
1%
Panoz
1%
Perodua
1%
Roewe
1%
Think
1%
Elfin
0%
IFR Automotive
0%
Iran Khodro
0%
Lumeneo
0%
No matching quizzes found
Score Distribution
Percent of People with Each Score
Percentile by Number Answered
Your Score History
You have not taken this quiz